00370nam a2200145 a 45000010005000000030009000050080041000140400028000550820016000831000018000992450035001172600035001523000010001876500027001976655CO-ViMGA141112s2004 ck r 000 u spa d aCO-ViMGAbspacCO-ViMGA04a923.1 N426t1 aTroyat, Henri10aNicolas II : bel último zar aBuenos Aires : bEmece, c1993 a284 p14aNICOLAS II 1863 - 1918